| 000 | 00534aam a2200193 4500 | ||
|---|---|---|---|
| 005 | 20161117123653.0 | ||
| 008 | 150629b xxu||||| |||| 00| 0 spa d | ||
| 041 | _aEspañol | ||
| 082 | _a972.862 R696t | ||
| 100 |
_aRodríguez, Ramiro _926843 |
||
| 100 |
_aGil Salas, Erick _923790 |
||
| 100 |
_aSolano, William _926844 |
||
| 245 | _aTurrialba: mucho más que cien años | ||
| 260 |
_aCosta Rica _bEUNED _c2012 |
||
| 300 | _a440 páginas | ||
| 650 |
_aTURRIALBA _92458 |
||
| 650 |
_aENSAYOS COSTARRICENSES _923862 |
||
| 942 | _cBK | ||
| 999 |
_c3165 _d3165 |
||